Cities farming for the future: urban agriculture for green and productive cities (Record no. 79348)

MARC details
000 -LEADER
fixed length control field 00739nam a2200193 a 4500
008 - FIXED-LENGTH DATA ELEMENTS--GENERAL INFORMATION
fixed length control field 080317s2006 ||||||||||||||||| || u
020 ## - INTERNATIONAL STANDARD BOOK NUMBER
International Standard Book Number 1930261144
050 ## - LIBRARY OF CONGRESS CALL NUMBER
Classification number S 494.5.U72 CIT
245 00 - TITLE STATEMENT
Title Cities farming for the future: urban agriculture for green and productive cities
Statement of responsibility, etc. edited by René van Veenhuizen
260 ## - PUBLICATION, DISTRIBUTION, ETC.
Place of publication, distribution, etc. Ottawa
Name of publisher, distributor, etc. RAUF Foundation
Date of publication, distribution, etc. 2006
300 ## - PHYSICAL DESCRIPTION
Extent xiii, 459p.: ill.
350 ## -
-- 0.00
650 ## - SUBJECT ADDED ENTRY--TOPICAL TERM
Topical term or geographic name entry element LAND USE, URBAN
650 ## - SUBJECT ADDED ENTRY--TOPICAL TERM
Topical term or geographic name entry element URBAN AGRICULTURE
650 ## - SUBJECT ADDED ENTRY--TOPICAL TERM
Topical term or geographic name entry element AGRICULTURE
650 ## - SUBJECT ADDED ENTRY--TOPICAL TERM
Topical term or geographic name entry element SUSTAINABLE AGRICULTURE
650 #0 - SUBJECT ADDED ENTRY--TOPICAL TERM
Topical term or geographic name entry element FOOD SUPPLY
995 ## -
-- MAIN LIBRARY OPEN ACCESS
-- 0.00
-- 738761
-- CBU-MAIN LIBRARY (Kitwe)
-- 1
-- 0.00
-- S 494.5.U72 CIT
-- 1
-- AVAILABLE
-- Mar 17, 2008
-- 738761
-- Main Library Open Access Collection
999 ## -
-- 79348
-- 79348
Holdings
Withdrawn status Lost status Source of classification or shelving scheme Damaged status Not for loan Permanent Location Current Location Shelving location Date acquired Total Checkouts Full call number Barcode Date last seen Copy number Price effective from Koha item type
          CBU-MAIN LIBRARY, KITWE. CBU-MAIN LIBRARY, KITWE.   06/16/2023   S 494.5.U72 CIT 738761 06/16/2023 1 06/16/2023 MONOGRAPH